| 000 | 00986nam a2200325 i 4500 | ||
|---|---|---|---|
| 001 | 000028194 | ||
| 003 | DO-SdBNP | ||
| 005 | 20240906141432.0 | ||
| 006 | a||||gr|||| 00| 0 | ||
| 007 | ta | ||
| 008 | 110407e2001 sp dd 000 0 spa d | ||
| 020 | _a9788467000603 (O. C.) | ||
| 020 | _a9788467000610 (Tomo I) | ||
| 020 | _a9788467000627 (Tomo II) | ||
| 040 |
_aDO-SdBNP _bspa _cBNPHU _erda |
||
| 041 | _aspa | ||
| 082 | 4 |
_a463 _bR288d 2001 _222 |
|
| 245 | 1 | 0 | _aDiccionario de la Lengua Española. |
| 250 | _aVigésima segunda edición | ||
| 264 | 4 |
_aMadrid, España : _bReal Academia Española, _c©2001. |
|
| 300 |
_a2 volumenes ; _c21 cm. |
||
| 336 |
_2rdacontent _atexto _btxt |
||
| 337 |
_2rdamedia _asin mediación _bn |
||
| 338 |
_2rdacarrier _avolumen _bnc |
||
| 590 | _aInventariado 2024 / MF | ||
| 650 | 4 |
_aEspañol _xDiccionarios _912078 |
|
| 650 | 4 |
_aEspañol _xEtimología _xDiccionarios _955196 |
|
| 910 | _aValidado. Control de calidad MFF | ||
| 942 |
_2ddc _cLBS1 |
||
| 999 |
_c27686 _d27686 |
||